000 00643nam a2200193 i 4500
001 bg
100 1 _aSTOKŁOSA, Andrzej
245 0 _aPodstawy termodynamiki fenomenologicznej i statystycznej dla chemików /
_cAndrzej Stokłosa ; Politechnika Krakowska im. Tadeusza Kościuszki.
260 _aKraków :
_bPK,
_c1994.
300 _a220 s. :
_bwykr. ;
_c24 cm.
504 _aBibliogr. s. 215.
521 _aSkrypt dla studentów wyższych szkół technicznych.
710 _aPOLITECHNIKA KRAKOWSKA (Kraków)
040 _cBPK
041 _apol
080 _a536.7:541.1](075.8)
942 _cKS
008 s pl f |000 0 pol
999 _c6527
_d6527
856 _uhttp://koha.tu.koszalin.pl/cgi-bin/koha/opac-detail.pl?biblionumber=6527
_yKatalog online BPK